| 000 | 00635nam a2200229Ia 4500 | ||
|---|---|---|---|
| 008 | 160319s9999 xx 000 0 und d | ||
| 020 | _a971-08-6357-6 | ||
| 050 | _aFIL QC 21.3 | ||
| 050 | _b.C38 2003 | ||
| 100 | _aCatchillar, Gerry C. | ||
| 245 | _aFundamentals of physics : | ||
| 245 | _ba textbook for college students / | ||
| 245 | _cGerry C. Catchillar, Ryan G. Malenab. | ||
| 260 | _aMandaluyong: | ||
| 260 | _bNational Book Store, | ||
| 260 | _c2003 | ||
| 300 | _a694 pages : | ||
| 300 | _billustrations ; | ||
| 300 | _c25 cm. | ||
| 500 | _aIncludes bibliographical references and index. | ||
| 650 | _aPhysics. | ||
| 999 |
_c291881 _d291881 |
||